| 000 | 00912cam a22001814a 4500 | ||
|---|---|---|---|
| 005 | 20250605164401.0 | ||
| 008 | 250528s ||||||||||||||||||||||||d | ||
| 035 | _a24597 | ||
| 040 |
_aGR-AtMCL _bgre _dGR-AtMCL _eAACR2 |
||
| 245 | 1 | _aΤι θα Δείτε στην 8η Έκθεση Έφοδιαστική Αλυσίδα και Logistics Cargo Truck and Van Expo | |
| 260 |
_bScl Magazine, _c2021 |
||
| 300 | _a160 | ||
| 520 | _aΔείτε το Πρόγραμμα για τα Πολυ-Συνέδρια Logic.C, Ο Κλάδος Πληροί τις Προϋποθέσεις να Διαδραματίσει Ισχυρό Ρόλο στην Οικονομία, Στόχος οι Θαλάσσιες Μεταφορές να Γίνουν Πρωταγωνίστριες Ανάκαμψης. | ||
| 700 | 1 |
_aΔημητριάδης Θεόδωρος _99489 |
|
| 942 | _cCR | ||
| 999 |
_c9467 _d9467 |
||